Movies Quiz

Random Movies or Actress Quiz

10-to-1: Romantic Comedies by Actress Quiz Stats

 Plays Quiz Updated Jun 26, 2017

Support Sporcle.
Go Orange.
Score 0/55 Timer 07:00
3 Plays Today
% Correct
Along Came Polly
90%
50 First Dates
88%
Bridget Jones's Diary
83.4%
The Break-up
82.8%
There's Something About Mary
82.7%
Pretty Woman
82.6%
The Wedding Singer
77.4%
Never Been Kissed
76.7%
27 Dresses
75.6%
The Proposal
73.4%
Notting Hill
73.4%
Sweet Home Alabama
73.2%
Knocked Up
72.9%
Jerry Maguire
69.7%
The Bounty Hunter
66%
Enchanted
63.3%
The Holiday
63%
Ever After: A Cinderella Story
62.1%
Fever Pitch
61.8%
Two Weeks Notice
61.4%
While You Were Sleeping
61.1%
Mystic Pizza
60.9%
Knight and Day
59.5%
Just Go with It
59.2%
What Happens in Vegas
58.4%
Me, Myself & Irene
57.2%
Music and Lyrics
55.4%
Sex Tape
55%
% Correct
Blended
53.6%
Practical Magic
53.1%
Rumor Has It
52.8%
Picture Perfect
52.7%
Four Christmases
50.4%
In Her Shoes
50.1%
All About Steve
49.4%
No Strings Attached
48.7%
The Ugly Truth
47.4%
The Sweetest Thing
47.3%
The Switch
47.1%
Forces of Nature
43.8%
Wanderlust
43.5%
Home Fries
42.1%
The Object of My Affection
41.5%
What to Expect When You're Expecting
41.3%
Leap Year
40%
Management
36.9%
Down with Love
36.9%
Love Potion No. 9
36.4%
Just Like Heaven
34%
Life as We Know It
32.1%
Killers
31.5%
Going the Distance
29.3%
The Bachelor
28.4%
Something to Talk About
27.1%
New in Town
26.7%

From the Vault

'B' American History

by william2

History 7m
We would have killed for a History grade this high in school.
Remove Ads.
Support Sporcle.
Get the best of Sporcle when you Go Orange. This ad-free experience offers more features, more stats, and more fun while also helping to support Sporcle. Thank you for becoming a member.

Show Comments

Extras

Top Quizzes Today


Score Distribution

Your Account Isn't Verified!

In order to create a playlist on Sporcle, you need to verify the email address you used during registration. Go to your Sporcle Settings to finish the process.

Report this User

Report this user for behavior that violates our Community Guidelines.

Details: